| 000 | 00929nam a22002294a 4500 | ||
|---|---|---|---|
| 005 | 20090806133551.0 | ||
| 008 | 000615s2001 nyu b 001 0 eng | ||
| 010 | _aENG-94640 | ||
| 020 |
_a9788170493402 _c495.00 |
||
| 035 | _aEN-78173 | ||
| 037 | _bDBAD / PUB | ||
| 040 |
_adpl _bEnglish |
||
| 082 | _a303.6230954 | ||
| 100 | _aRai, V.N. | ||
| 245 |
_aCombating communal conflict: _cby V.N. Rai _bperception of police neutrality during Hindu-Muslim riots in India / |
||
| 260 |
_aNew Delhi _bManas Publications _c2008 |
||
| 270 |
_a4402/5, Main Ansari Road, (Adjacent Bank of Baroda) Darya Ganj _bNew Delhi _e110002 |
||
| 300 |
_a167p. _c23cm(Hb) |
||
| 500 | _aIncludes index | ||
| 942 |
_2ddc _cEN _mRAI _h303.6230954 |
||
| 999 |
_c28965 _d28965 |
||